| 000 | 00885nam a22002171a 4500 | ||
|---|---|---|---|
| 003 | OSt | ||
| 005 | 20150408114035.0 | ||
| 008 | 120517s2012 ua ||||| b 00| 0 ara d | ||
| 020 | _a9789773832441 | ||
| 040 | _aعمادة شؤون المكتبات في جامعة المجمعة | ||
| 082 | 0 | 4 |
_221 _a330.121 _b330.121 ح ا إ |
| 100 | 1 |
_aالأخرس، إبراهيم _914208 |
|
| 245 | 1 | 0 |
_aحماية المستهلك بين مقاصد الشريعة والفكر الاقتصادي الووضعي / _cإبراهيم الأخرس. |
| 250 | _aط. 1. | ||
| 260 |
_aالقاهرة : _bدار إيتراك للطباعة والنشر والتوزيع، _c2012 |
||
| 300 |
_a445 ص. ؛ _c24 سم. |
||
| 504 | _aببليوجرافية : ص. 435-443. | ||
| 650 | 7 |
_2aucsh _aحماية المستهلك _914209 |
|
| 650 | 7 |
_2aucsh _aالاسلام والاقتصاد |
|
| 942 |
_2ddc _cBOOK |
||
| 999 |
_c23302 _d257802 |
||